000
00204 a2200097 4500
001
10480
100
_a
Kennedy, S.J.
245
_a
The buusiness of war
260
_a
_b
Hutchinson
_c
090
_c
8099
_d
8099
942
_a
NUST-CAE
_c
M
_c
34821
999
_c
245553
_d
245553